000 00792nam a22002177a 4500
999 _c370883
_d370883
008 201130b ||||| |||| 00| 0 eng d
040 _bger
_cDE-2950
_erda
_aDE-2950
041 _ager
100 _aHeider Michael:
245 _aMehr als schöne Schnittbilder.
_bFernsehen: Vier Wochen lang haben ZDF-Reporterin Antje Klingbeil und Kameramann Bernhard Sehne aus Frankfurt (Oder) und Umgebung berichtet./
_cHeider Michael
264 _c2021
653 _aFrankfurt (Oder)
653 _aReportage
653 _aFernsehen
653 _aZDF
773 _dFrankfurt (Oder): Märkisches Verlags- und Druckhaus GmbH & Co KG
_g32. Jahrgang (2021) Nr. 229 vom 01.10.2021, S. 20
_tMärkische Oderzeitung
942 _cA